[Event "26th EUR-ch"]
[Site "Katowice POL"]
[Date "2026.04.18"]
[Round "10.29"]
[White "Cieslak, Patryk"]
[Black "Pichot, Alan"]
[Result "0-1"]
[WhiteElo "2495"]
[BlackElo "2581"]
[EventDate "2026.04.07"]
[PlyCount "70"]

1.e4 c5 2.Nf3 d6 3.d4 cxd4 4.Nxd4 Nf6 5.Nc3 Nc6 6.Bg5 Bd7 7.Nxc6 Bxc6 8.
Bxf6 gxf6 9.Bb5 e6 10.Qd3 Rg8 11.O-O Qa5 12.Kh1 Rd8 13.f4 Bxb5 14.Nxb5 d5 
15.f5 a6 16.Nc3 d4 17.Ne2 e5 18.Rad1 Qb5 19.Qxb5+ axb5 20.h3 b4 21.Rf3 Ra8
22.a3 Rc8 23.c3 dxc3 24.bxc3 bxa3 25.Rfd3 Ra8 26.c4 Bc5 27.Nc3 Kf8 28.Rd7 
Rg3 29.Rc7 Rxc3 30.Rxc5 a2 31.Ra1 Rb3 32.Rb5 Rxb5 33.cxb5 Ke7 34.Kh2 Ra3 
35.g4 Kd6 0-1

[Event "26th EUR-ch"]
[Site "Katowice POL"]
[Date "2026.04.18"]
[Round "10.30"]
[White "Babazada, Khazar"]
[Black "Can, Isik"]
[Result "1/2-1/2"]
[WhiteElo "2480"]
[BlackElo "2563"]
[EventDate "2026.04.07"]
[PlyCount "118"]

1.e4 c5 2.c3 e5 3.Nf3 Nc6 4.Bc4 Nf6 5.Ng5 d5 6.exd5 Nxd5 7.Qh5 g6 8.Qf3 
Qxg5 9.Bxd5 Nd8 10.O-O Qe7 11.Re1 Be6 12.Rxe5 Bg7 13.Re1 O-O 14.d3 Bxd5 
15.Rxe7 Bxf3 16.gxf3 b6 17.Bf4 Ne6 18.Be3 Rfd8 19.Na3 Rxd3 20.Nb5 Bf8 21.
Rxa7 Rxa7 22.Nxa7 f5 23.Rf1 f4 24.Bc1 Ng5 25.Kg2 Bd6 26.Nc8 Bb8 27.Nxb6 
Nxf3 28.a4 g5 29.a5 Kf7 30.c4 Bc7 31.b4 cxb4 32.c5 Nh4+ 33.Kh1 Rh3 34.a6 
Nf3 35.Kg2 g4 36.Rh1 Nh4+ 37.Kf1 g3 38.Rg1 Rxh2 39.fxg3 fxg3 40.a7 Rf2+ 
41.Ke1 Nf3+ 42.Kd1 Ra2 43.a8=Q Rxa8 44.Nxa8 Nxg1 45.Nxc7 Nf3 46.Nd5 b3 47.
Be3 Ne5 48.Ke2 Ke6 49.Nf4+ Kf5 50.Nd3 h5 51.Bd4 g2 52.Nb2 h4 53.Bg1 Kg4 
54.Kf2 Kh3 55.Nd1 Nd3+ 56.Kf3 b2 57.Nxb2 Nxb2 58.c6 Nc4 59.c7 Nd6 1/2-1/2

[Event "26th EUR-ch"]
[Site "Katowice POL"]
[Date "2026.04.18"]
[Round "10.31"]
[White "Sokolovsky, Yahli"]
[Black "Mosesov, Danyil"]
[Result "1-0"]
[WhiteElo "2559"]
[BlackElo "2464"]
[EventDate "2026.04.07"]
[PlyCount "101"]

1.e4 e5 2.Nf3 Nc6 3.Bb5 f5 4.d3 fxe4 5.dxe4 Nf6 6.O-O Bc5 7.Bxc6 bxc6 8.
Nxe5 O-O 9.Nc3 d6 10.Na4 Qe8 11.Nd3 Bg4 12.Qe1 Bd4 13.c3 Bb6 14.Nxb6 axb6 
15.f3 Be6 16.a3 Bc4 17.Qd1 Qf7 18.Re1 Bb3 19.Qe2 Nh5 20.Be3 c5 21.Nc1 Be6 
22.b4 Qf6 23.Qb2 Qg6 24.Kh1 d5 25.e5 Rf5 26.Nb3 Rxe5 27.bxc5 Bf7 28.cxb6 
cxb6 29.Bd2 Rxe1+ 30.Rxe1 h6 31.Nd4 Qd3 32.Kg1 Nf6 33.Re3 Qa6 34.Bc1 Re8 
35.Kf2 Rxe3 36.Bxe3 Qc4 37.Qxb6 Qa2+ 38.Ne2 Bg6 39.Bd4 Kf7 40.Qc7+ Kf8 41.
Qd6+ Kf7 42.Ke3 Qc2 43.Bc5 Kg8 44.Bd4 Kf7 45.Qa6 Qd1 46.Bxf6 gxf6 47.Qa7+ 
Kg8 48.Qd4 Qh1 49.Qxd5+ Bf7 50.Qd6 Qxg2 51.Qg3+ 1-0

[Event "26th EUR-ch"]
[Site "Katowice POL"]
[Date "2026.04.18"]
[Round "10.32"]
[White "Davtian, Arsen"]
[Black "Costa, Leonardo"]
[Result "1-0"]
[WhiteElo "2430"]
[BlackElo "2556"]
[EventDate "2026.04.07"]
[PlyCount "139"]

1.e4 c6 2.Nf3 d5 3.Nc3 Bg4 4.h3 Bxf3 5.Qxf3 e6 6.Be2 Nf6 7.d3 Bd6 8.O-O d4
9.Nb1 Bc7 10.g3 c5 11.a4 Nc6 12.Qg2 h5 13.f4 Qe7 14.Na3 h4 15.g4 g5 16.Nc4
gxf4 17.Bxf4 Bxf4 18.Rxf4 Nd7 19.Raf1 Nde5 20.Qh2 O-O-O 21.Rf6 Qc7 22.Qf4 
Rh7 23.Rf2 Kb8 24.Nxe5 Nxe5 25.Kf1 Rd7 26.Qg5 Rd8 27.Qf4 a6 28.Ke1 Rd7 29.
Kd1 Ng6 30.Qg5 Rh8 31.b3 Re8 32.Bf1 Ree7 33.Bg2 e5 34.Qh6 Rd6 35.g5 Rxf6 
36.gxf6 Rd7 37.Bf3 Rd6 38.Bg4 Ka7 39.Rf5 Rc6 40.Qg5 Rb6 41.Bh5 Nf4 42.Rxe5
Ng2 43.Kc1 Ne3 44.Re7 Qd6 45.a5 Rxb3 46.Rd7 Qxd7 47.Qxc5+ Ka8 48.Qf8+ Ka7 
49.Qc5+ Ka8 50.cxb3 Qxh3 51.Qf8+ Ka7 52.Qc5+ Ka8 53.Qf8+ Ka7 54.Qc5+ Ka8 
55.Be2 Qd7 56.Qf8+ Ka7 57.Qc5+ Kb8 58.Kd2 h3 59.Bf3 h2 60.e5 Nf1+ 61.Ke1 
Ng3 62.Qf8+ Kc7 63.Qc5+ Kd8 64.Qf8+ Kc7 65.Qc5+ Kd8 66.Qb6+ Kc8 67.e6 fxe6
68.Qc5+ Kd8 69.Qf8+ Kc7 70.f7 1-0

[Event "26th EUR-ch"]
[Site "Katowice POL"]
[Date "2026.04.18"]
[Round "10.33"]
[White "Sanal, Vahap"]
[Black "Levin, Guy"]
[Result "0-1"]
[WhiteElo "2551"]
[BlackElo "2462"]
[EventDate "2026.04.07"]
[PlyCount "94"]

1.c4 e5 2.Nc3 Bb4 3.Nd5 Be7 4.Nf3 d6 5.g3 f5 6.d4 e4 7.Nxe7 Qxe7 8.Ng5 Nf6
9.Bg2 h6 10.Nh3 g5 11.Ng1 Rg8 12.e3 Be6 13.b3 Nbd7 14.Ne2 Bf7 15.Qd2 d5 
16.c5 c6 17.Bb2 Bh5 18.h3 Bf3 19.Rg1 Nf8 20.Bf1 Ne6 21.O-O-O Qc7 22.Kb1 
Kf7 23.Rc1 h5 24.Nc3 h4 25.b4 hxg3 26.fxg3 f4 27.Qe1 Nh5 28.Ne2 Bxe2 29.
Bxe2 f3 30.g4 Nf6 31.Bf1 Qh2 32.Qg3 Qxg3 33.Rxg3 a6 34.Bc3 Rh8 35.Be1 Nf4 
36.Rc2 Nd3 37.Bc3 Ke6 38.Rd2 Rh7 39.Kc2 Rah8 40.Kd1 Rh4 41.Kc2 Nf4 42.exf4
gxf4 43.Rg1 e3 44.Rh2 Nxg4 45.Rhh1 f2 46.Rg2 f3 47.Rg3 e2 0-1

[Event "26th EUR-ch"]
[Site "Katowice POL"]
[Date "2026.04.18"]
[Round "10.34"]
[White "Warmerdam, Max"]
[Black "Hrbek, Stepan"]
[Result "1/2-1/2"]
[WhiteElo "2545"]
[BlackElo "2460"]
[EventDate "2026.04.07"]
[PlyCount "120"]

1.e4 e5 2.Nf3 Nc6 3.Bb5 a6 4.Ba4 Nf6 5.O-O b5 6.Bb3 Bc5 7.a4 Rb8 8.c3 d6 
9.d4 Bb6 10.Be3 O-O 11.h3 h6 12.Nbd2 Re8 13.Bc2 exd4 14.cxd4 Bb7 15.axb5 
axb5 16.d5 Bxe3 17.dxc6 Bxd2 18.cxb7 Bb4 19.e5 dxe5 20.Qxd8 Rbxd8 21.Bf5 
Bd6 22.Rfd1 Rb8 23.Bc8 Rexc8 24.bxc8=Q+ Rxc8 25.Ra5 Rb8 26.Rda1 Kf8 27.Ra8
Rxa8 28.Rxa8+ Ke7 29.Ra5 c6 30.Ra6 Kd7 31.Ra7+ Ke6 32.Nd2 Nd5 33.Kf1 Bc5 
34.Ra8 Bd4 35.b3 Bc5 36.Re8+ Be7 37.g4 Nf4 38.h4 h5 39.g5 Ng6 40.Nf3 Kd5 
41.Ke2 Bb4 42.Rd8+ Ke4 43.Nd2+ Bxd2 44.Rxd2 Nxh4 45.Rd7 Nf3 46.Rxf7 Nxg5 
47.Rxg7 Nf3 48.b4 Nd4+ 49.Kd2 h4 50.Rh7 Nf3+ 51.Ke2 Nd4+ 52.Kf1 Nf3 53.Kg2
Ne1+ 54.Kf1 Nf3 55.Rh6 Kd5 56.Ke2 Ke4 57.Kf1 Kd5 58.Ke2 Ke4 59.Rh8 Ng1+ 
60.Kf1 Nf3 1/2-1/2

[Event "26th EUR-ch"]
[Site "Katowice POL"]
[Date "2026.04.18"]
[Round "10.35"]
[White "Haring, Filip"]
[Black "Kantor, Gergely"]
[Result "1-0"]
[WhiteElo "2461"]
[BlackElo "2544"]
[EventDate "2026.04.07"]
[PlyCount "120"]

1.Nf3 d5 2.g3 Nf6 3.Bg2 c5 4.O-O e6 5.c4 d4 6.d3 Nc6 7.e3 Be7 8.exd4 cxd4 
9.Na3 O-O 10.Nc2 a5 11.Re1 Bd6 12.Bg5 h6 13.Bxf6 Qxf6 14.Nd2 Qd8 15.Na3 
Re8 16.Nb5 Bf8 17.a3 e5 18.Rc1 Qb6 19.Qa4 Bd7 20.c5 Qd8 21.Qd1 Rb8 22.Ne4 
b6 23.Nbd6 Re6 24.Qf3 Bxd6 25.cxd6 Rc8 26.Qh5 Re8 27.Nd2 Na7 28.Bd5 Qf6 
29.Ne4 Qf5 30.Qxf5 Bxf5 31.d7 Bxd7 32.Nd6 Rxc1 33.Rxc1 Be6 34.Nxe8 Bxd5 
35.Rc7 Nc6 36.Nd6 g6 37.Nxf7 e4 38.Nxh6+ Kf8 39.dxe4 d3 40.Ng4 Bxe4 41.Ne3
Nd4 42.f4 d2 43.Rd7 Nf3+ 44.Kf2 Ke8 45.Rd6 Ke7 46.Nc4 Bb7 47.Rd3 Be4 48.
Rxd2 Nxd2 49.Nxd2 Bd5 50.Ke3 Kd6 51.Kd4 Be6 52.Nc4+ Kc6 53.Ne5+ Kb5 54.
Nxg6 Ka4 55.Kc3 b5 56.Ne5 b4+ 57.axb4 axb4+ 58.Kd2 Kb3 59.Kc1 Ka2 60.g4 
Ka1 1-0

[Event "26th EUR-ch"]
[Site "Katowice POL"]
[Date "2026.04.18"]
[Round "10.36"]
[White "Kosakowski, Jakub"]
[Black "Tudor, Henry Edward"]
[Result "1/2-1/2"]
[WhiteElo "2533"]
[BlackElo "2457"]
[EventDate "2026.04.07"]
[PlyCount "144"]

1.e4 d6 2.d4 e5 3.Nf3 exd4 4.Nxd4 Nf6 5.Nc3 Be7 6.g3 d5 7.e5 Ng4 8.Bg2 
Nxe5 9.Qe2 Nec6 10.Be3 Nxd4 11.Bxd4 O-O 12.Nxd5 Bb4+ 13.Nxb4 Qxd4 14.c3 
Qd8 15.O-O c6 16.Rad1 Nd7 17.Rfe1 Qb6 18.h3 Nf6 19.g4 Be6 20.g5 Nd7 21.b3 
Rfd8 22.Nc2 Qa5 23.Nd4 Nf8 24.Qe3 Re8 25.Qg3 Rad8 26.h4 Bc8 27.Rxe8 Rxe8 
28.Rd2 Qa3 29.Kh2 Qc1 30.Qd3 Ng6 31.Kg3 Bg4 32.f3 Qe1+ 33.Rf2 Nxh4 34.Qd2 
Nxg2 35.fxg4 Qxd2 36.Rxd2 Ne3 37.Kf3 Nd5 38.c4 Nc3 39.Nf5 Ne4 40.Ne7+ Kf8 
41.Kxe4 Rxe7+ 42.Kf4 g6 43.Rd8+ Kg7 44.c5 f6 45.gxf6+ Kxf6 46.g5+ Kg7 47.
b4 h6 48.gxh6+ Kxh6 49.a3 g5+ 50.Kg4 Re4+ 51.Kf3 Rf4+ 52.Kg3 Kg6 53.Rg8+ 
Kf5 54.Rb8 Rc4 55.Rxb7 Rc3+ 56.Kf2 Rxa3 57.b5 cxb5 58.Rxb5 Ra2+ 59.Kg3 Ke6
60.c6 Kd6 61.Rxg5 Kxc6 62.Kf3 Rd2 63.Ke3 Rd7 64.Ke2 Kb6 65.Rg3 a5 66.Rd3 
Rxd3 67.Kxd3 a4 68.Kc3 Kc5 69.Kb2 Kb4 70.Ka2 a3 71.Kb1 Kb3 72.Ka1 a2 
1/2-1/2

[Event "26th EUR-ch"]
[Site "Katowice POL"]
[Date "2026.04.18"]
[Round "10.37"]
[White "Kalogeris, Ioannis"]
[Black "Malek, Jan"]
[Result "0-1"]
[WhiteElo "2426"]
[BlackElo "2533"]
[EventDate "2026.04.07"]
[PlyCount "76"]

1.e4 c6 2.d4 d5 3.e5 c5 4.Nf3 Nc6 5.dxc5 e6 6.Be3 Nh6 7.c3 Nf5 8.Bd4 Bd7 
9.a3 a5 10.Be2 a4 11.O-O g5 12.g4 Nfxd4 13.cxd4 h5 14.h3 f5 15.Nc3 hxg4 
16.hxg4 Qe7 17.Kg2 fxg4 18.Nd2 Nxd4 19.Bxg4 Qh7 20.Rh1 Qxh1+ 21.Qxh1 Rxh1 
22.Rxh1 O-O-O 23.Bd1 Bxc5 24.Bxa4 Nc6 25.Rc1 Bb6 26.Ne2 Kb8 27.Bxc6 Bxc6 
28.Kg3 d4 29.Ng1 d3 30.Ngf3 g4 31.Ng5 Bd4 32.Rb1 Bxe5+ 33.Kxg4 Rd4+ 34.Kh3
Bf4 35.Ngf3 Rd8 36.Kg4 e5 37.Kf5 Rf8+ 38.Ke6 e4 0-1

[Event "26th EUR-ch"]
[Site "Katowice POL"]
[Date "2026.04.18"]
[Round "10.38"]
[White "Reuker, Jari"]
[Black "Mastrovasilis, Dimitrios"]
[Result "0-1"]
[WhiteElo "2413"]
[BlackElo "2526"]
[EventDate "2026.04.07"]
[PlyCount "96"]

1.Nf3 d5 2.c4 e6 3.g3 Nf6 4.Bg2 dxc4 5.Qa4+ Nbd7 6.Qxc4 a6 7.Qc2 c5 8.Nc3 
Qc7 9.O-O b6 10.d4 Bb7 11.Bf4 Bd6 12.Bxd6 Qxd6 13.Rfd1 O-O 14.e4 cxd4 15.
Nxd4 Qc7 16.Rac1 Rad8 17.Qe2 Qb8 18.b4 g6 19.a4 Qa8 20.Nb3 Qb8 21.Qe3 Ba8 
22.f4 e5 23.f5 Rfe8 24.h3 Nf8 25.Kh2 Rxd1 26.Rxd1 Rd8 27.Rf1 Qd6 28.a5 
bxa5 29.bxa5 Kg7 30.fxg6 hxg6 31.Na4 Ne6 32.Qf2 Ng5 33.Nbc5 Rh8 34.Qe2 Bc6
35.Rd1 Qe7 36.h4 Bxa4 37.Nxa4 Qb4 38.Nb6 Ngxe4 39.Nd5 Nxg3 40.Kxg3 Qxh4+ 
41.Kf3 e4+ 42.Ke3 Qg3+ 43.Kd4 Nxd5 44.Kxd5 Rd8+ 45.Kc6 Rc8+ 46.Kd5 Qg5+ 
47.Kd4 Qc5+ 48.Kxe4 Re8+ 0-1

[Event "26th EUR-ch"]
[Site "Katowice POL"]
[Date "2026.04.18"]
[Round "10.39"]
[White "Sowinski, Pawel"]
[Black "Kadric, Denis"]
[Result "0-1"]
[WhiteElo "2421"]
[BlackElo "2523"]
[EventDate "2026.04.07"]
[PlyCount "66"]

1.d4 d6 2.e4 Nf6 3.Nc3 e5 4.Nf3 Nbd7 5.Rg1 c6 6.g4 g6 7.Be3 Be7 8.a3 O-O 
9.Qd2 Rb8 10.g5 Nh5 11.d5 f5 12.exf5 Rxf5 13.Nh4 Rf8 14.Bxa7 Ra8 15.Be3 
Nb6 16.O-O-O Nf4 17.dxc6 bxc6 18.Ne4 Nbd5 19.c4 Nxe3 20.fxe3 Nh3 21.Rg3 
Nxg5 22.Nxg5 Bxg5 23.Nxg6 hxg6 24.h4 Bf6 25.Rxg6+ Kf7 26.Bd3 Ke7 27.Rf1 
Be6 28.Qg2 Qb6 29.Kb1 e4 30.Rgxf6 Rxf6 31.Rxf6 Kxf6 32.Qg5+ Kf7 33.Bxe4 
Rg8 0-1

[Event "26th EUR-ch"]
[Site "Katowice POL"]
[Date "2026.04.18"]
[Round "10.40"]
[White "Boruchovsky, Avital"]
[Black "Qalichava, Akaki"]
[Result "1/2-1/2"]
[WhiteElo "2510"]
[BlackElo "2322"]
[EventDate "2026.04.07"]
[PlyCount "121"]

1.e4 c5 2.Nf3 e6 3.d4 cxd4 4.Nxd4 Nc6 5.Bf4 d6 6.Nxc6 bxc6 7.Bd3 e5 8.Be3 
Nf6 9.O-O Be7 10.c4 O-O 11.Nc3 Be6 12.Qe2 Qc7 13.Rfd1 Rfd8 14.Rac1 Qb7 15.
h3 h6 16.Rd2 a5 17.Qd1 Rab8 18.Na4 d5 19.Bb6 Rdc8 20.Qe2 dxe4 21.Bxe4 Nxe4
22.Qxe4 c5 23.Qxb7 Rxb7 24.Rcd1 Bxc4 25.b3 Bb5 26.Bxa5 Ra8 27.Bd8 Bxa4 28.
bxa4 Rxa4 29.Bxe7 Rxe7 30.Rc2 f6 31.Rd8+ Kh7 32.Rc8 Rea7 33.R8xc5 Rxa2 34.
h4 R2a4 35.R5c4 h5 36.g3 Rxc4 37.Rxc4 Kg6 38.Kg2 Kf5 39.Rc5 Ra2 40.Rc7 g6 
41.Rg7 e4 42.Re7 Re2 43.Kf1 Rd2 44.Kg2 Rd5 45.Re8 Re5 46.Ra8 g5 47.hxg5 
fxg5 48.Kh3 e3 49.fxe3 Rxe3 50.Ra5+ Re5 51.Ra4 Rb5 52.Rc4 Rb2 53.Rc5+ Kf6 
54.Rc6+ Kf7 55.Rh6 g4+ 56.Kh4 Rh2+ 57.Kg5 Rh3 58.Rxh5 Rxg3 59.Rh4 Rg2 60.
Rxg4 Rxg4+ 61.Kxg4 1/2-1/2

[Event "26th EUR-ch"]
[Site "Katowice POL"]
[Date "2026.04.18"]
[Round "10.41"]
[White "Vardanyan, Aras"]
[Black "Samadov, Read"]
[Result "1/2-1/2"]
[WhiteElo "2408"]
[BlackElo "2508"]
[EventDate "2026.04.07"]
[PlyCount "63"]

1.d4 Nf6 2.c4 e6 3.Nf3 b6 4.g3 Ba6 5.Nbd2 Bb4 6.Qc2 b5 7.c5 Bb7 8.Bg2 Be4 
9.Qd1 Nc6 10.O-O Bxd2 11.Qxd2 Qc8 12.Bh3 Bxf3 13.exf3 O-O 14.f4 Nd5 15.f5 
Qd8 16.Qd3 Rb8 17.Be3 Qf6 18.Rad1 a5 19.Qe4 Nce7 20.fxe6 fxe6 21.Bg2 a4 
22.Bd2 Nc6 23.Be1 b4 24.Rd3 Qf5 25.Qe2 Rf7 26.Bd2 Qf6 27.Qe4 Rbf8 28.Qg4 
Qf5 29.Qe2 Qf6 30.Qg4 Qf5 31.Qe2 Qf6 32.Qg4 1/2-1/2

[Event "26th EUR-ch"]
[Site "Katowice POL"]
[Date "2026.04.18"]
[Round "10.42"]
[White "Nasuta, Grzegorz"]
[Black "Zlatkov, Anton"]
[Result "0-1"]
[WhiteElo "2506"]
[BlackElo "2299"]
[EventDate "2026.04.07"]
[PlyCount "96"]

1.e4 c5 2.Nf3 Nc6 3.d4 cxd4 4.Nxd4 Nf6 5.Nc3 e5 6.Ndb5 d6 7.Nd5 Nxd5 8.
exd5 Nb8 9.g4 Be7 10.Rg1 Nd7 11.Be3 O-O 12.Qd2 a6 13.Nc3 b5 14.O-O-O Nb6 
15.a3 f5 16.gxf5 Nc4 17.Bxc4 bxc4 18.Rg4 Bxf5 19.Rxc4 Qd7 20.Na4 Rab8 21.
Nb6 Qe8 22.a4 Qh5 23.h4 Bxh4 24.Rh1 e4 25.Qb4 Qg4 26.Qxd6 Qe2 27.Qc5 Rxb6 
28.Qxb6 Qxc4 29.Rxh4 Rc8 30.c3 Qxd5 31.Rh1 Qa2 32.Rd1 Qa1+ 33.Kc2 Qxa4+ 
34.Qb3+ Qxb3+ 35.Kxb3 h5 36.Bg5 Rb8+ 37.Ka3 Be6 38.Rd8+ Rxd8 39.Bxd8 Kf7 
40.Kb4 Kg6 41.Kc5 Kf5 42.Kd4 Kf4 43.c4 g5 44.b4 h4 45.c5 h3 46.c6 Kf3 47.
Bc7 g4 48.Be5 e3 0-1

[Event "26th EUR-ch"]
[Site "Katowice POL"]
[Date "2026.04.18"]
[Round "10.43"]
[White "Navara, David"]
[Black "Culum, Sanjin"]
[Result "1/2-1/2"]
[WhiteElo "2643"]
[BlackElo "2460"]
[EventDate "2026.04.07"]
[PlyCount "115"]

1.d4 Nf6 2.c4 e6 3.g3 d5 4.Bg2 Bb4+ 5.Nd2 O-O 6.Nf3 dxc4 7.Qc2 a5 8.a3 
Bxd2+ 9.Bxd2 b5 10.a4 Bb7 11.axb5 Qd5 12.O-O Qxb5 13.Qa4 Qa6 14.Qxa5 Qc6 
15.Qc5 Qxc5 16.dxc5 Nbd7 17.Nd4 Bxg2 18.Kxg2 h5 19.c6 Nb6 20.Rfc1 Rfd8 21.
Rxa8 Rxa8 22.Nb5 Nbd5 23.Na3 Ne4 24.Nxc4 Ra6 25.f3 Nxd2 26.Nxd2 Ne7 27.Kf2
Rxc6 28.Rxc6 Nxc6 29.Ke3 f6 30.Kd3 Kf7 31.Kc4 Ke7 32.Kc5 Kd7 33.b4 e5 34.
Nb3 Ne7 35.e4 Nc8 36.Nd2 Nd6 37.Nf1 Nb7+ 38.Kd5 c6+ 39.Kc4 Nd6+ 40.Kd3 Nb5
41.Ne3 Nd4 42.Nf5 Nxf3 43.Nxg7 Nxh2 44.Nxh5 Ng4 45.Ke2 Ke7 46.Ng7 Nh6 47.
g4 Nf7 48.Nf5+ Ke6 49.Ke3 Ng5 50.Ng3 Nh3 51.Nf1 Ng5 52.Nd2 Kd6 53.Nc4+ Kc7
54.Kd3 Nh3 55.Ke2 Ng5 56.Ke3 Nh3 57.Kf3 Ng5+ 58.Ke3 1/2-1/2

[Event "26th EUR-ch"]
[Site "Katowice POL"]
[Date "2026.04.18"]
[Round "10.44"]
[White "Sousa, Andre Ventura"]
[Black "Sargissian, Gabriel"]
[Result "0-1"]
[WhiteElo "2447"]
[BlackElo "2618"]
[EventDate "2026.04.07"]
[PlyCount "146"]

1.e4 c6 2.d4 d5 3.e5 Bf5 4.Nf3 e6 5.Be2 Ne7 6.c3 h6 7.O-O Nd7 8.Na3 Bh7 9.
Nc2 Ng6 10.a4 c5 11.c4 dxc4 12.Bxc4 Be7 13.Re1 O-O 14.Qe2 Nb6 15.Bd3 Qc7 
16.Bd2 Rfd8 17.h4 Nd5 18.h5 Nf8 19.Bxh7+ Nxh7 20.Rec1 Rac8 21.a5 a6 22.Qe4
Qd7 23.Ne3 Nxe3 24.Bxe3 cxd4 25.Qxd4 Qxd4 26.Nxd4 Nf8 27.Nb3 Nd7 28.f4 f6 
29.Bd4 fxe5 30.fxe5 Kf7 31.Kf2 Nb8 32.Rxc8 Rxc8 33.Bc3 Rd8 34.Ke3 Nc6 35.
Ke4 Rd5 36.Nc1 Bb4 37.Nd3 Bxc3 38.bxc3 Rb5 39.c4 Rxa5 40.Rb1 b5 41.cxb5 
axb5 42.Rc1 Ra4+ 43.Ke3 Rc4 44.Ra1 Ke7 45.Ra6 Rc3 46.Ke4 Rc4+ 47.Ke3 Rc3 
48.Ke4 Rxd3 49.Rxc6 Rg3 50.Rb6 Rxg2 51.Rxb5 Rg4+ 52.Kf3 Rg5 53.Rb7+ Kf8 
54.Rb8+ Kf7 55.Rb7+ Kg8 56.Ke4 Rxh5 57.Re7 Rh4+ 58.Kf3 g5 59.Rxe6 Rf4+ 60.
Ke3 Kg7 61.Ra6 h5 62.Ra5 Rg4 63.Kf3 Kg6 64.e6 Kf6 65.Re5 Ke7 66.Kf2 h4 67.
Kf3 Rg1 68.Kf2 Rg3 69.Re4 g4 70.Re5 Ra3 71.Rh5 h3 72.Rg5 h2 73.Kg2 g3 0-1

[Event "26th EUR-ch"]
[Site "Katowice POL"]
[Date "2026.04.18"]
[Round "10.45"]
[White "Kuru, Atilla"]
[Black "Lodici, Lorenzo"]
[Result "1-0"]
[WhiteElo "2444"]
[BlackElo "2601"]
[EventDate "2026.04.07"]
[PlyCount "112"]

1.Nf3 f5 2.d4 Nf6 3.Bf4 Nh5 4.Bg5 h6 5.Bc1 d6 6.g4 Nf6 7.h3 fxg4 8.hxg4 
Bxg4 9.Qd3 Qd7 10.Ng5 Bf5 11.e4 Nxe4 12.Nxe4 Qe6 13.f3 d5 14.Nc3 c6 15.Bf4
Nd7 16.O-O-O Qf7 17.Rd2 e5 18.dxe5 dxe4 19.fxe4 Be6 20.Qg3 O-O-O 21.Be2 
Bb4 22.Bh5 Qe7 23.Bg6 Rhf8 24.Rd3 Bc4 25.Re3 Rxf4 26.Qxf4 Nxe5 27.Bh5 Rf8 
28.Qh2 Bc5 29.Rg3 Bf2 30.Rg2 Bd4 31.Rd1 Rd8 32.Rgd2 Bb6 33.Rxd8+ Bxd8 34.
Kb1 Bc7 35.Qg1 Kb8 36.Na4 b6 37.b3 Ba6 38.Nb2 Nd7 39.Qd4 Nc5 40.Bg6 Be2 
41.Rd2 Be5 42.Qd8+ Qxd8 43.Rxd8+ Kc7 44.Re8 Kd6 45.Bf5 a5 46.a3 Bc3 47.e5+
Kd5 48.Nc4 Bxc4 49.bxc4+ Kxc4 50.e6 Bf6 51.Rf8 Bg5 52.Rf7 g6 53.Bh3 Ne4 
54.e7 Nd6 55.Bd7 Bxe7 56.Rxe7 Kd5 1-0

[Event "26th EUR-ch"]
[Site "Katowice POL"]
[Date "2026.04.18"]
[Round "10.46"]
[White "Jakubowski, Krzysztof"]
[Black "Petrosian, Manuel"]
[Result "1/2-1/2"]
[WhiteElo "2434"]
[BlackElo "2584"]
[EventDate "2026.04.07"]
[PlyCount "216"]

1.e4 c6 2.d4 d5 3.e5 Bf5 4.h4 h5 5.Bg5 Qb6 6.Bd3 Bxd3 7.Qxd3 e6 8.Nd2 Ne7 
9.Ne2 Nf5 10.O-O Nd7 11.c4 Be7 12.Bxe7 Nxe7 13.b3 Nf8 14.a4 Qd8 15.Nf3 
Nfg6 16.Qd2 dxc4 17.bxc4 c5 18.Rfd1 Nf5 19.g3 cxd4 20.Qb4 Qe7 21.Qb5+ Qd7 
22.Qxd7+ Kxd7 23.Nexd4 Nxd4 24.Nxd4 Ke7 25.f4 Rhc8 26.Rab1 b6 27.a5 Rxc4 
28.axb6 axb6 29.Rxb6 Rd8 30.Rb4 Rc3 31.Rb3 Rc7 32.Rb7 Rxd4 33.Rxc7+ Kd8 
34.Rxd4+ Kxc7 35.Ra4 Kb7 36.Kf2 Ne7 37.Kf3 Nf5 38.Rc4 Kb8 39.Rc3 Nd4+ 40.
Kg2 Nf5 41.Kh3 Nh6 42.Kg2 Nf5 43.Kf1 Kb7 44.Ke1 Kb8 45.Kd2 Kb7 46.Kc2 Nd4+
47.Kb2 Nf5 48.Kb3 g6 49.Kc2 Kb8 50.Kd2 Kb7 51.Ke2 Nd4+ 52.Kf2 Nf5 53.Rc4 
Nh6 54.Kf3 Nf5 55.Rb4+ Kc7 56.g4 Nh6 57.gxh5 gxh5 58.Ra4 Kb7 59.Kg3 Nf5+ 
60.Kh3 Ne7 61.Ra3 Ng6 62.Kg3 Ne7 63.Rc3 Ng6 64.Rc1 Ne7 65.f5 Nxf5+ 66.Kf4 
Nxh4 67.Kg5 Nf5 68.Kxh5 Ne7 69.Kg5 Nd5 70.Rf1 Kc6 71.Rxf7 Kc5 72.Rf6 Nc7 
73.Rf8 Nd5 74.Re8 Kd4 75.Rxe6 Ke4 76.Kg6 Nf4+ 77.Kf6 Nd5+ 78.Kf7 Kf5 79.
Re8 Nc7 80.Re7 Nb5 81.Ke8 Nc3 82.e6 Ne4 83.Kd7 Ke5 84.Kc6 Nf6 85.Kc7 Kd5 
86.Kc8 Ke5 87.Kc7 Kd5 88.Kb6 Kd6 89.Ra7 Kxe6 90.Ra1 Ne4 91.Ra5 Kd6 92.Rh5 
Nc3 93.Ka5 Nd5 94.Kb5 Nc7+ 95.Kc4 Ne6 96.Ra5 Nc7 97.Ra7 Ne6 98.Ra5 Nc7 99.
Rc5 Ne6 100.Rd5+ Kc6 101.Rd1 Nc7 102.Kd4 Kd6 103.Ke4+ Ke6 104.Rd2 Nb5 105.
Rd3 Nd6+ 106.Kf4 Nb5 107.Rd2 Nd6 108.Rxd6+ Kxd6 1/2-1/2

[Event "26th EUR-ch"]
[Site "Katowice POL"]
[Date "2026.04.18"]
[Round "10.47"]
[White "Sanikidze, Tornike"]
[Black "Kourkoulos-Arditis, Stamatis"]
[Result "0-1"]
[WhiteElo "2432"]
[BlackElo "2583"]
[EventDate "2026.04.07"]
[PlyCount "120"]

1.Nf3 Nf6 2.g3 g6 3.b3 Bg7 4.Bb2 d6 5.d4 b5 6.Bg2 Bb7 7.Na3 b4 8.Nc4 a5 9.
O-O O-O 10.a3 Nbd7 11.c3 bxc3 12.Bxc3 a4 13.b4 Nb6 14.Na5 Be4 15.Rc1 Qd7 
16.Re1 Rfc8 17.Ba1 Qb5 18.e3 c5 19.dxc5 dxc5 20.Rxc5 Rxc5 21.Nd4 Qd7 22.
bxc5 Bxg2 23.Kxg2 Qd5+ 24.Qf3 Qxc5 25.Ndc6 Nfd5 26.e4 Bxa1 27.Rxa1 Nf6 28.
Qf4 Rxa5 29.Rc1 Qg5 30.Qb8+ Kg7 31.Qxb6 Qxc1 32.Nxa5 Qxa3 33.Qd4 Qa2 34.
Kf3 a3 35.e5 Qd5+ 36.Qxd5 Nxd5 37.Ke4 e6 38.Kd3 a2 39.Nb3 g5 40.Kc2 Kg6 
41.Kb2 Kf5 42.Kxa2 Kxe5 43.Nd2 Nc3+ 44.Kb3 Ne4 45.Nc4+ Kd4 46.f3 Nc5+ 47.
Kb4 Nd3+ 48.Kb3 f5 49.Nd6 Ne5 50.f4 gxf4 51.gxf4 Ng6 52.Kc2 Ke3 53.Kd1 
Kxf4 54.Ke2 e5 55.Ne8 e4 56.Nf6 h6 57.Kf2 Ke5 58.Nd7+ Kd4 59.Nf6 f4 60.Ke2
Ne5 0-1

[Event "26th EUR-ch"]
[Site "Katowice POL"]
[Date "2026.04.18"]
[Round "10.48"]
[White "Manafov, Vugar"]
[Black "Acs, Peter"]
[Result "1-0"]
[WhiteElo "2432"]
[BlackElo "2573"]
[EventDate "2026.04.07"]
[PlyCount "129"]

1.d4 Nf6 2.Nf3 g6 3.Bg5 Bg7 4.Nbd2 d6 5.e4 h6 6.Bh4 g5 7.Bg3 Nh5 8.c3 e6 
9.Ng1 Nxg3 10.hxg3 Nd7 11.Bc4 Qe7 12.Qe2 c5 13.d5 Nb6 14.dxe6 fxe6 15.Ngf3
Bd7 16.Bb5 Bxb5 17.Qxb5+ Qd7 18.Nc4 Qxb5 19.Nxd6+ Kd7 20.Nxb5 Nc4 21.
O-O-O+ Kc6 22.b3 Kxb5 23.bxc4+ Kxc4 24.Kc2 Rad8 25.Nd2+ Kb5 26.a4+ Kc6 27.
Nc4 b6 28.Rb1 Rd7 29.g4 Rhd8 30.Rb3 Kc7 31.a5 Rd3 32.axb6+ axb6 33.e5 Bxe5
34.Nxe5 Rd2+ 35.Kb1 Rxf2 36.Rb2 Rxb2+ 37.Kxb2 Rd2+ 38.Kb3 Re2 39.Nf3 Rxg2 
40.Rxh6 Rxg4 41.Rxe6 Rg2 42.Rg6 g4 43.Ng5 Re2 44.Ne6+ Kb7 45.Nf4 Re5 46.
Rxg4 b5 47.Rg6 Rf5 48.Ne6 Re5 49.Rf6 Kc8 50.Ng7 Kb7 51.Nf5 Re1 52.Nd6+ Kc6
53.Nc4+ Kc7 54.Na3 b4 55.Nb5+ Kd7 56.c4 Re3+ 57.Kc2 Re2+ 58.Kd3 Rh2 59.
Rd6+ Ke7 60.Rc6 b3 61.Rb6 b2 62.Nc7 Kd7 63.Nd5 Rh3+ 64.Kc2 Rh4 65.Kc3 1-0

[Event "26th EUR-ch"]
[Site "Katowice POL"]
[Date "2026.04.18"]
[Round "10.49"]
[White "Tulchynskyi, Feliks"]
[Black "Piorun, Kacper"]
[Result "1-0"]
[WhiteElo "2432"]
[BlackElo "2536"]
[EventDate "2026.04.07"]
[PlyCount "69"]

1.e4 c6 2.Nf3 d5 3.exd5 cxd5 4.Ne5 Nf6 5.d4 g6 6.Nd2 Bg7 7.Be2 Nc6 8.Ndf3 
O-O 9.O-O Ne4 10.Re1 Nd6 11.Bf1 Re8 12.h3 Be6 13.c3 Qc8 14.Ng5 Nxe5 15.
dxe5 Nc4 16.Qd4 h6 17.Nf3 Rd8 18.Qh4 g5 19.Qg3 f6 20.h4 Bf7 21.Bd3 Nxe5 
22.Nxe5 fxe5 23.hxg5 hxg5 24.Rxe5 Bxe5 25.Qxe5 Qe6 26.Qxg5+ Kf8 27.Bf4 Qf6
28.Qg3 Qe6 29.Kf1 Qf6 30.Re1 Qh8 31.Bg5 Re8 32.Qf4 Qh1+ 33.Ke2 Qh5+ 34.g4 
e5 35.Qb4+ 1-0

[Event "26th EUR-ch"]
[Site "Katowice POL"]
[Date "2026.04.18"]
[Round "10.50"]
[White "Maksimovic, Bojan"]
[Black "Makkar, Rajat"]
[Result "1-0"]
[WhiteElo "2531"]
[BlackElo "2422"]
[EventDate "2026.04.07"]
[PlyCount "105"]

1.c4 e6 2.g3 d5 3.cxd5 exd5 4.Bg2 Nf6 5.Nf3 Be7 6.O-O O-O 7.b3 a5 8.Bb2 a4
9.bxa4 Nbd7 10.Nc3 Nb6 11.Qc2 d4 12.Nb5 c5 13.e3 Nxa4 14.Na3 Be6 15.Ng5 d3
16.Qb1 Bf5 17.Nc4 h6 18.Nf3 b5 19.Nce5 Be4 20.Ne1 Rc8 21.Nxf7 Rxf7 22.Bxf6
Bxf6 23.Bxe4 Bxa1 24.Nxd3 Bf6 25.Nf4 Bg5 26.Bd5 Bxf4 27.Bxf7+ Kxf7 28.Qxb5
Be5 29.Qxa4 Qd3 30.Rc1 Rc7 31.Qa5 Bd6 32.a4 Ke6 33.Qa8 Qxd2 34.Qe4+ Kf6 
35.Qf3+ Ke7 36.Qe4+ Kf6 37.Qf3+ Ke7 38.Qe4+ Kd8 39.Rb1 Ra7 40.Rb6 Qd1+ 41.
Kg2 Bc7 42.Rc6 Rxa4 43.Qf5 Qg4 44.Qd5+ Kc8 45.Re6 Bd8 46.Qc6+ Kb8 47.Re8 
Qd1 48.Qb6+ Kc8 49.Qxc5+ Kd7 50.Qb5+ Kc7 51.Re5 Qg4 52.h3 Qb4 53.Rc5+ 1-0

[Event "26th EUR-ch"]
[Site "Katowice POL"]
[Date "2026.04.18"]
[Round "10.51"]
[White "Govciyan, Pavel"]
[Black "Alexakis, Dimitris"]
[Result "0-1"]
[WhiteElo "2420"]
[BlackElo "2528"]
[EventDate "2026.04.07"]
[PlyCount "80"]

1.d4 Nf6 2.Nf3 c5 3.d5 b5 4.Bg5 g6 5.d6 Bb7 6.Nc3 a6 7.Qd2 e6 8.e4 h6 9.
Bxf6 Qxf6 10.Qe3 Bg7 11.a4 Nc6 12.axb5 Nd4 13.Bd3 axb5 14.Rxa8+ Bxa8 15.
Nxb5 O-O 16.Nbxd4 cxd4 17.Qd2 Qd8 18.e5 Bxf3 19.gxf3 Bxe5 20.Qxh6 Qf6 21.
Rg1 Bf4 22.Qh5 Kg7 23.Qb5 Ra8 24.Rg4 Bxd6 25.Ke2 Bf4 26.Qxd7 Qe5+ 27.Kf1 
g5 28.Kg2 Ra1 29.Qd8 f5 30.Qe7+ Kg8 31.Bc4 Re1 32.Qe8+ Kg7 33.Qe7+ Kh6 34.
Rxf4 gxf4 35.Qh4+ Kg6 36.Qd8 Qf6 37.Qg8+ Kh5 38.Qh7+ Qh6 39.Qd7 Qg6+ 40.
Kh3 Rg1 0-1